[Event "Dance O'Power"]
[Site "Edmonton CAN"]
[Date "2003.11.30"]
[Round "4"]
[White "Fokkema, Jerred"]
[Black "Hughey, Micah"]
[Result "0-1"]
[WhiteElo "1411"]
[BlackElo "2008"]
[PlyCount "36"]
[EventDate "2003.11.29"]
[EventType "game"]
[EventRounds "4"]
[EventCountry "CAN"]
[SourceDate "2003.08.17"]

1. e4 Nf6 2. Nc3 e5 3. Nf3 Nc6 4. d3 d5 5. exd5 Nxd5 6. Nxd5 Qxd5 7. Be3 Be7 8.
Be2 Be6 9. Qd2 h6 10. h3 f5 11. Qc1 O-O-O 12. c3 g5 13. Qc2 f4 14. Bd2 h5 15.
c4 Qd6 16. O-O-O g4 17. hxg4 hxg4 18. Nh2 Nd4 0-1

[Event "Denys Laurin mem"]
[Site "Hull CAN"]
[Date "2003.09.09"]
[Round "1"]
[White "Brousseau, Yvan"]
[Black "Pepin, Christian"]
[Result "0-1"]
[WhiteElo "2003"]
[BlackElo "2022"]
[PlyCount "52"]
[EventDate "2003.09.09"]
[EventType "swiss"]
[EventRounds "5"]
[EventCountry "CAN"]

1. d4 f5 2. c4 Nf6 3. Nc3 e6 4. e3 d5 5. Bd3 c6 6. a3 Bd6 7. Nf3 O-O 8. b4 Bd7
9. Qc2 Be8 10. cxd5 cxd5 11. Nb5 Bxb5 12. Bxb5 a5 13. O-O axb4 14. a4 Ne4 15.
Bb2 Nd7 16. Ne5 Rc8 17. Qd3 Bxe5 18. dxe5 Ndc5 19. Qc2 Nc3 20. Bxc3 Ne4 21. f3
Nxc3 22. Bd3 Qb6 23. Rfe1 d4 24. exd4 b3 25. Qf2 b2 26. Rab1 Nxb1 0-1

[Event "Denys Laurin mem"]
[Site "Hull CAN"]
[Date "2003.09.09"]
[Round "1"]
[White "Dallaire, Dominic"]
[Black "Charette, Jean Sebastien"]
[Result "1-0"]
[WhiteElo "1727"]
[BlackElo "1364"]
[PlyCount "63"]
[EventDate "2003.09.09"]
[EventType "swiss"]
[EventRounds "5"]
[EventCountry "CAN"]

1. e4 e5 2. Nf3 Nc6 3. Bb5 d6 4. O-O Nf6 5. d4 Bd7 6. d5 Ne7 7. Bd3 g6 8. c4
Bg7 9. Nc3 O-O 10. Bg5 Nh5 11. Qd2 f6 12. Bh6 Bxh6 13. Qxh6 Qe8 14. h3 Qf7 15.
Qd2 c5 16. Ne2 f5 17. Ng5 Qf6 18. exf5 Bxf5 19. Bxf5 Nxf5 20. Ne6 Rf7 21. Ng5
Rff8 22. Ne6 Rf7 23. f4 Nhg3 24. Nxg3 Nxg3 25. Rf3 Nf5 26. fxe5 Qxe5 27. Re1
Qh8 28. Ref1 h5 29. Qg5 Nh6 30. Rxf7 Qd4+ 31. Nxd4 Nxf7 32. Qxg6+ 1-0

[Event "Denys Laurin mem"]
[Site "Hull CAN"]
[Date "2003.09.09"]
[Round "1"]
[White "Laurin, Jacques"]
[Black "Groleau, Gilles"]
[Result "0-1"]
[WhiteElo "1874"]
[BlackElo "2173"]
[PlyCount "44"]
[EventDate "2003.09.09"]
[EventType "swiss"]
[EventRounds "5"]
[EventCountry "CAN"]

1. c4 Nf6 2. Nc3 c5 3. Nf3 Nc6 4. g3 b6 5. Bg2 Bb7 6. e3 Ne5 7. O-O Nxc4 8. d4
e6 9. b3 Nd6 10. dxc5 bxc5 11. Ba3 Qa5 12. Na4 Nc8 13. Rc1 d6 14. b4 cxb4 15.
Bxb4 Qh5 16. Rc7 Rb8 17. Nc5 dxc5 18. Qa4+ Kd8 19. Qa5 Nb6 20. Bxc5 Kxc7 21.
Bxb6+ axb6 22. Rc1+ Bc5 0-1

[Event "Denys Laurin mem"]
[Site "Hull CAN"]
[Date "2003.09.09"]
[Round "1"]
[White "Rail, Jean Guy"]
[Black "Lacourse, Guy"]
[Result "0-1"]
[WhiteElo "1065"]
[BlackElo "1669"]
[PlyCount "34"]
[EventDate "2003.09.09"]
[EventType "swiss"]
[EventRounds "5"]
[EventCountry "CAN"]

1. d4 Nf6 2. e3 d5 3. Nf3 e6 4. c4 b6 5. Nc3 Bb7 6. a3 c5 7. dxc5 bxc5 8. Bd2
Be7 9. Be2 O-O 10. O-O Nc6 11. b3 a6 12. Qc2 Qc7 13. Rad1 Ng4 14. Bd3 d4 15.
exd4 Nxd4 16. Bxh7+ Kh8 17. Qd3 Nxf3+ 0-1

[Event "Denys Laurin mem"]
[Site "Hull CAN"]
[Date "2003.09.16"]
[Round "2"]
[White "Brousseau, Yvan"]
[Black "Laurin, Jacques"]
[Result "1/2-1/2"]
[WhiteElo "2003"]
[BlackElo "1874"]
[PlyCount "48"]
[EventDate "2003.09.09"]
[EventType "swiss"]
[EventRounds "5"]
[EventCountry "CAN"]

1. d4 Nf6 2. c4 g6 3. Nc3 Bg7 4. e4 d6 5. Bg5 Nbd7 6. Nf3 h6 7. Be3 Ng4 8. Be2
e5 9. d5 Nxe3 10. fxe3 Nc5 11. b4 Na6 12. O-O O-O 13. Rb1 c6 14. dxc6 bxc6 15.
Qa4 Qb6 16. Rfc1 Qxe3+ 17. Kh1 c5 18. b5 Nc7 19. Qc2 f5 20. Bd3 Bb7 21. Re1 Qf4
22. Ne2 Qe3 23. Nc3 Qf4 24. Ne2 Qe3 1/2-1/2

[Event "Denys Laurin mem"]
[Site "Hull CAN"]
[Date "2003.09.16"]
[Round "2"]
[White "Groleau, Gilles"]
[Black "Papineau, Andre"]
[Result "1-0"]
[WhiteElo "2173"]
[BlackElo "1762"]
[PlyCount "35"]
[EventDate "2003.09.09"]
[EventType "swiss"]
[EventRounds "5"]
[EventCountry "CAN"]

1. e4 c5 2. Nf3 d6 3. Bb5+ Bd7 4. Bxd7+ Nxd7 5. O-O g6 6. c3 Ngf6 7. Re1 Bg7 8.
d4 O-O 9. e5 dxe5 10. dxe5 Ng4 11. e6 Nde5 12. Nxe5 Nxe5 13. exf7+ Rxf7 14. Na3
Nd3 15. Re2 Nxf2 16. Qxd8+ Rxd8 17. Bg5 b6 18. Rxf2 1-0

[Event "Denys Laurin mem"]
[Site "Hull CAN"]
[Date "2003.09.16"]
[Round "2"]
[White "Lacourse, Guy"]
[Black "Dallaire, Dominic"]
[Result "0-1"]
[WhiteElo "1669"]
[BlackElo "1727"]
[PlyCount "70"]
[EventDate "2003.09.09"]
[EventType "swiss"]
[EventRounds "5"]
[EventCountry "CAN"]

1. Nf3 Nf6 2. c4 g6 3. g3 Bg7 4. Bg2 O-O 5. O-O d6 6. d4 Nbd7 7. Nc3 c5 8. d5
Ng4 9. e4 Nge5 10. Nxe5 Nxe5 11. Qe2 Bg4 12. f3 Bd7 13. h3 Be8 14. f4 Nd7 15.
Bd2 a6 16. Rad1 Rb8 17. f5 Ne5 18. Nb1 b5 19. b3 bxc4 20. bxc4 Ba4 21. Rde1 Rb2
22. Na3 Rxa2 23. Ra1 Rxa1 24. Rxa1 Nf3+ 25. Bxf3 Bxa1 26. Bh6 Bg7 27. Bxg7 Kxg7
28. fxg6 hxg6 29. Qb2+ Kg8 30. Nb1 Qb8 31. Qa1 Qb3 32. Nc3 Bd7 33. h4 Qxc4 34.
Kh2 Rb8 35. Ne2 Qd3 0-1

[Event "Denys Laurin mem"]
[Site "Hull CAN"]
[Date "2003.09.16"]
[Round "2"]
[White "Laurin, Marcel"]
[Black "Mai, Lloyd"]
[Result "1-0"]
[WhiteElo "1707"]
[BlackElo "1524"]
[PlyCount "54"]
[EventDate "2003.09.09"]
[EventType "swiss"]
[EventRounds "5"]
[EventCountry "CAN"]

1. d4 Nf6 2. c4 g6 3. Nc3 Bg7 4. e4 d6 5. f3 O-O 6. Be3 Nbd7 7. Bd3 c5 8. d5
Ne5 9. Nge2 e6 10. Qd2 exd5 11. Nxd5 Nxd5 12. exd5 Nxc4 13. Bxc4 Qh4+ 14. Ng3
Qxc4 15. Ne4 Qa6 16. Bh6 Bxh6 17. Qxh6 f5 18. Ng5 Re8+ 19. Kf2 Qe2+ 20. Kg3
Qe5+ 21. Kh3 f4+ 22. Kh4 Qg7 23. Qxg7+ Kxg7 24. Rhe1 Bd7 25. Ne4 Re5 26. g4 h6
27. Nxd6 Rh5+ 1-0

[Event "Denys Laurin mem"]
[Site "Hull CAN"]
[Date "2003.09.16"]
[Round "2"]
[White "Pepin, Christian"]
[Black "Libersan, Mattieu"]
[Result "1-0"]
[WhiteElo "2022"]
[BlackElo "1925"]
[PlyCount "59"]
[EventDate "2003.09.09"]
[EventType "swiss"]
[EventRounds "5"]
[EventCountry "CAN"]

1. g3 e6 2. Bg2 f5 3. e4 fxe4 4. Bxe4 Nf6 5. Bg2 Be7 6. d4 O-O 7. Nf3 Nc6 8.
O-O Qe8 9. c3 d6 10. b4 e5 11. b5 Nd8 12. dxe5 dxe5 13. Ba3 Bg4 14. h3 Bf5 15.
Bxe7 Qxe7 16. Qe2 Nf7 17. Nbd2 Rad8 18. Rfe1 Rfe8 19. Qe3 Rd3 20. Qxa7 Qd7 21.
Qxb7 e4 22. Bf1 Rxc3 23. Nh4 Bxh3 24. Nxe4 Nxe4 25. Rxe4 Bxf1 26. Rxf1 Rxe4 27.
Qxe4 Nd6 28. Qb4 Rc4 29. Qd2 Qxb5 30. Ng2 1-0

[Event "Denys Laurin mem"]
[Site "Hull CAN"]
[Date "2003.09.23"]
[Round "3"]
[White "Beland, Guy"]
[Black "Lacourse, Guy"]
[Result "0-1"]
[WhiteElo "1277"]
[BlackElo "1669"]
[PlyCount "90"]
[EventDate "2003.09.09"]
[EventType "swiss"]
[EventRounds "5"]
[EventCountry "CAN"]

1. e4 c5 2. Nf3 d6 3. d4 cxd4 4. Nxd4 Nf6 5. Nc3 e6 6. Bd3 Be7 7. O-O a6 8. Nf3
Nbd7 9. Re1 Qc7 10. Bg5 Ne5 11. Nxe5 dxe5 12. Be2 O-O 13. Bxf6 Bxf6 14. Bf3 b5
15. a3 Bg5 16. Qe2 Rd8 17. Red1 Bb7 18. Rxd8+ Rxd8 19. Rd1 Rd4 20. Rxd4 exd4
21. Nb1 Qc4 22. Qxc4 bxc4 23. Be2 Bxe4 24. a4 Bxc2 25. Bxc4 Bxb1 26. Bxa6 d3
27. a5 d2 28. Be2 Bd3 29. Bd1 Bd8 30. b4 Be7 31. f3 Bxb4 32. Kf2 Bc5+ 33. Kg3
e5 34. Kg4 f5+ 35. Kh3 e4 36. g4 g6 37. fxe4 fxe4 38. Kg2 g5 39. h3 Kg7 40. Kg3
Kf6 41. h4 gxh4+ 42. Kxh4 Bf2+ 43. Kh5 e3 44. g5+ Kg7 45. Kg4 e2 0-1

[Event "Denys Laurin mem"]
[Site "Hull CAN"]
[Date "2003.09.23"]
[Round "3"]
[White "Laurin, Jacques"]
[Black "Pepin, Christian"]
[Result "1-0"]
[WhiteElo "1874"]
[BlackElo "2022"]
[PlyCount "81"]
[EventDate "2003.09.09"]
[EventType "swiss"]
[EventRounds "5"]
[EventCountry "CAN"]

1. c4 f5 2. Nc3 Nf6 3. Nf3 e6 4. d3 d5 5. cxd5 exd5 6. Bf4 Bd6 7. Ne5 g5 8.
Qa4+ c6 9. Bg3 f4 10. Bxf4 gxf4 11. Qxf4 O-O 12. Qg5+ Kh8 13. e4 Qe7 14. f4 Rg8
15. Qh6 Bxe5 16. fxe5 Qxe5 17. Be2 d4 18. O-O dxc3 19. Rxf6 Qg5 20. Qxg5 Rxg5
21. bxc3 Kg7 22. Raf1 Nd7 23. Rf7+ Kh8 24. d4 Nb6 25. Re7 Bh3 26. Rf2 Rag8 27.
g3 R5g7 28. Rff7 Bc8 29. Bh5 Rxf7 30. Bxf7 Rf8 31. c4 c5 32. d5 Bh3 33. d6 Nd7
34. g4 Bxg4 35. Kg2 Nf6 36. e5 Ne4 37. d7 Ng5 38. e6 Nxf7 39. Rxf7 Rg8 40. Re7
Bf3+ 41. Kh3 1-0

[Event "Denys Laurin mem"]
[Site "Hull CAN"]
[Date "2003.09.23"]
[Round "3"]
[White "Libersan, Mattieu"]
[Black "Groleau, Gilles"]
[Result "0-1"]
[WhiteElo "1925"]
[BlackElo "2173"]
[PlyCount "118"]
[EventDate "2003.09.09"]
[EventType "swiss"]
[EventRounds "5"]
[EventCountry "CAN"]

1. e4 c5 2. Nf3 e6 3. d4 cxd4 4. Nxd4 Nf6 5. Nc3 d6 6. g4 h6 7. Rg1 Nc6 8. Be3
a6 9. h4 h5 10. gxh5 Nxh5 11. Qd2 Bd7 12. O-O-O Qc7 13. f4 b5 14. Bxb5 axb5 15.
Ndxb5 Qb8 16. e5 d5 17. Nxd5 exd5 18. Qxd5 Qb7 19. Bb6 Nxf4 20. Qd2 Ne6 21.
Nc7+ Qxc7 22. Bxc7 Ncd4 23. Kb1 Rc8 24. c3 Ba4 25. b3 Nf3 26. Qd5 Nxg1 27. bxa4
Rxc7 28. Qb5+ Ke7 29. Rxg1 Rxh4 30. Rd1 Rhc4 31. Rd3 g6 32. a5 Bg7 33. a6 R4c5
34. Qb4 Bxe5 35. a7 Rxa7 36. Re3 Bd6 37. Rd3 Rac7 38. a4 Rd5 39. Qe4 Rxd3 40.
Qxd3 Be5 41. c4 Rc5 42. Qe4 g5 43. Qb7+ Bc7 44. Qe4 f5 45. Qb7 g4 46. Kb2 g3
47. Kb3 Kf6 48. Qh1 f4 49. Qh6+ Kf5 50. Qh7+ Kg4 51. Qg6+ Ng5 52. Qe8 g2 53.
Qe2+ f3 54. Qf2 Ne4 55. Qd4 Kg3 56. Qxe4 g1=Q 57. Qg6+ Kh2 58. Qh6+ Kg2 59.
Qg6+ Bg3 0-1

[Event "Denys Laurin mem"]
[Site "Hull CAN"]
[Date "2003.09.23"]
[Round "3"]
[White "Menard, Marc"]
[Black "Roy, Roger"]
[Result "0-1"]
[WhiteElo "1626"]
[BlackElo "1718"]
[PlyCount "46"]
[EventDate "2003.09.09"]
[EventType "swiss"]
[EventRounds "5"]
[EventCountry "CAN"]

1. e4 c5 2. Nf3 d6 3. d4 cxd4 4. Nxd4 Nf6 5. Nc3 a6 6. Be2 e5 7. Nb3 b5 8. a3
Bb7 9. f3 Nbd7 10. Be3 Be7 11. O-O O-O 12. Qd2 Rc8 13. Rad1 Qc7 14. Kh1 Rfd8
15. Rf2 Nc5 16. Bf1 Nxb3 17. cxb3 d5 18. Nxd5 Nxd5 19. exd5 Bxd5 20. Qc1 Qxc1
21. Rxc1 Rxc1 22. Bxc1 Bxb3 23. Rd2 Rc8 0-1

[Event "Denys Laurin mem"]
[Site "Hull CAN"]
[Date "2003.09.23"]
[Round "3"]
[White "Papineau, Andre"]
[Black "Brousseau, Yvan"]
[Result "0-1"]
[WhiteElo "1762"]
[BlackElo "2003"]
[PlyCount "60"]
[EventDate "2003.09.09"]
[EventType "swiss"]
[EventRounds "5"]
[EventCountry "CAN"]

1. d4 Nf6 2. c4 g6 3. g3 Bg7 4. Bg2 O-O 5. Nf3 c6 6. O-O d5 7. Nc3 dxc4 8. Ne5
Be6 9. e4 Nbd7 10. f4 Nxe5 11. fxe5 Bg4 12. Bf3 Bxf3 13. Rxf3 Ne8 14. Be3 Nc7
15. Qe2 b5 16. Raf1 e6 17. h4 h5 18. Qd2 a6 19. Bg5 Qd7 20. Ne2 c5 21. Bf6 cxd4
22. Nf4 Bh6 23. Qd1 d3 24. Nxh5 Qd4+ 25. Kh1 Qxe4 26. Bg5 Bxg5 27. hxg5 gxh5
28. Qd2 Qxe5 29. Qf2 Qg7 30. Qc5 Nd5 0-1

[Event "Denys Laurin mem"]
[Site "Hull CAN"]
[Date "2003.09.30"]
[Round "4"]
[White "Brousseau, Yvan"]
[Black "Libersan, Mattieu"]
[Result "0-1"]
[WhiteElo "2003"]
[BlackElo "1925"]
[PlyCount "56"]
[EventDate "2003.09.09"]
[EventType "swiss"]
[EventRounds "5"]
[EventCountry "CAN"]

1. d4 d5 2. c4 e5 3. e3 exd4 4. exd4 Nc6 5. Be3 Nf6 6. c5 Be7 7. Bd3 O-O 8. Ne2
Re8 9. O-O Nb4 10. Bb5 c6 11. Ba4 Bf5 12. Nc1 Qd7 13. a3 Na6 14. Nd3 Ng4 15.
Bf4 Nc7 16. f3 Bxd3 17. Qxd3 Nf6 18. Nc3 Ne6 19. Be5 Nh5 20. Bc2 g6 21. Ne2
Nxc5 22. dxc5 Bxc5+ 23. Bd4 Rxe2 24. Qxe2 Bxd4+ 25. Kh1 Re8 26. Qd2 Be3 27. Qb4
Qe7 28. Qb3 Qh4 0-1

[Event "Denys Laurin mem"]
[Site "Hull CAN"]
[Date "2003.09.30"]
[Round "4"]
[White "Lacourse, Guy"]
[Black "Laurin, Marcel"]
[Result "0-1"]
[WhiteElo "1669"]
[BlackElo "1707"]
[PlyCount "64"]
[EventDate "2003.09.09"]
[EventType "swiss"]
[EventRounds "5"]
[EventCountry "CAN"]

1. d4 d5 2. c4 e5 3. dxe5 d4 4. Nf3 Nc6 5. g3 Bb4+ 6. Nbd2 Be6 7. a3 Bxd2+ 8.
Bxd2 Bxc4 9. Rc1 Bd5 10. Bg2 f6 11. exf6 Nxf6 12. O-O O-O 13. Ng5 Bxg2 14. Kxg2
Qd5+ 15. Kg1 Rae8 16. Nf3 h6 17. e3 d3 18. Nh4 Kh7 19. Ng2 Qf5 20. f3 g5 21. e4
Qh3 22. Ne3 Nd4 23. Rxc7+ Kg6 24. Qe1 Ne2+ 25. Kh1 Rxe4 26. Qf2 Rxe3 27. Bxe3
Nxg3+ 28. Kg1 Qxf1+ 29. Qxf1 Nxf1 30. Kxf1 Nd5 31. Rxb7 Nxe3+ 32. Kf2 d2 0-1

[Event "Denys Laurin mem"]
[Site "Hull CAN"]
[Date "2003.09.30"]
[Round "4"]
[White "Pepin, Christian"]
[Black "Groleau, Gilles"]
[Result "1/2-1/2"]
[WhiteElo "2022"]
[BlackElo "2173"]
[PlyCount "107"]
[EventDate "2003.09.09"]
[EventType "swiss"]
[EventRounds "5"]
[EventCountry "CAN"]

1. e4 c5 2. Nf3 e6 3. d4 cxd4 4. Nxd4 Nf6 5. Nc3 d6 6. g4 h6 7. Rg1 Nc6 8. h4
h5 9. gxh5 Nxh5 10. Be3 a6 11. Qd2 Bd7 12. O-O-O Qc7 13. f4 Nf6 14. Kb1 Rxh4
15. Nf3 Rg4 16. Rh1 O-O-O 17. Ng5 Be8 18. Bh3 Rg3 19. Qe1 Rxh3 20. Rxh3 Ng4 21.
Bg1 Be7 22. Na4 Qa5 23. Qxa5 Nxa5 24. Bb6 Bxa4 25. Bxa5 Rf8 26. Rg3 Nf2 27. Rf1
Bxg5 28. Rxf2 Bf6 29. Rh3 Bc6 30. Re2 Kd7 31. Bb4 Be7 32. b3 f5 33. e5 dxe5 34.
Bxe7 Kxe7 35. Rxe5 Rd8 36. Rg3 Rd1+ 37. Kb2 Kf6 38. Rd3 Rxd3 39. cxd3 g5 40. d4
gxf4 41. Kc3 Bd5 42. Kd3 Kg5 43. Ke2 f3+ 44. Kf2 Kf4 45. Re1 a5 46. Re3 a4 47.
bxa4 Bxa2 48. Re1 Bd5 49. a5 Bc4 50. Re3 Bd5 51. Re1 Be4 52. Rg1 Bd3 53. Rg7
Be4 54. Rg1 1/2-1/2

[Event "Denys Laurin mem"]
[Site "Hull CAN"]
[Date "2003.09.30"]
[Round "4"]
[White "Thibault, Mario"]
[Black "Roy, Roger"]
[Result "1/2-1/2"]
[WhiteElo "1677"]
[BlackElo "1718"]
[PlyCount "80"]
[EventDate "2003.09.09"]
[EventType "swiss"]
[EventRounds "5"]
[EventCountry "CAN"]

1. Nf3 Nf6 2. g3 c5 3. Bg2 Nc6 4. O-O e5 5. d3 d5 6. Nbd2 Be7 7. e4 dxe4 8.
dxe4 O-O 9. c3 Qc7 10. Re1 Rd8 11. Qc2 b6 12. Nc4 Ba6 13. Bf1 Rac8 14. a4 h6
15. b3 Bb7 16. Bb2 a6 17. Rad1 Rxd1 18. Rxd1 Nxe4 19. Bh3 Rd8 20. Re1 Ng5 21.
Nxg5 Bxg5 22. Bg2 Bf6 23. Bc1 Ne7 24. Bxb7 Qxb7 25. Nxe5 Bxe5 26. Rxe5 Ng6 27.
Re1 Qf3 28. c4 Rd3 29. Be3 Ne5 30. Bd2 Ng4 31. Be3 Nxe3 32. fxe3 Rxe3 33. Rxe3
Qxe3+ 34. Kg2 g6 35. Qd1 Kg7 36. Qa1+ f6 37. Qd1 Qe4+ 38. Kf2 Qf5+ 39. Kg2 Qe4+
40. Kf2 Qf5+ 1/2-1/2

[Event "Denys Laurin mem"]
[Site "Hull CAN"]
[Date "2003.10.07"]
[Round "5"]
[White "Arsenault, Yves"]
[Black "Lacourse, Guy"]
[Result "1-0"]
[WhiteElo "1529"]
[BlackElo "1669"]
[PlyCount "71"]
[EventDate "2003.09.09"]
[EventType "swiss"]
[EventRounds "5"]
[EventCountry "CAN"]

1. e4 c5 2. Nf3 e6 3. Nc3 d6 4. d4 cxd4 5. Nxd4 Nf6 6. Bb5+ Nbd7 7. O-O Be7 8.
f4 O-O 9. Re1 a6 10. Be2 b5 11. Bf3 Bb7 12. e5 Nd5 13. Nxd5 exd5 14. Nf5 dxe5
15. Bxd5 Nf6 16. Bxb7 Qb6+ 17. Be3 Qxb7 18. fxe5 Rad8 19. Nxe7+ Qxe7 20. exf6
Qxf6 21. Qc1 Rfe8 22. c3 Re4 23. Bd4 Qg6 24. Rxe4 Qxe4 25. Qg5 Rxd4 26. cxd4
Qxd4+ 27. Kh1 h6 28. Qf5 Qxb2 29. Re1 f6 30. Re8+ Kf7 31. Qe6+ Kg6 32. h4 Qc1+
33. Qe1 Qb2 34. Re7 Qa3 35. Qe4+ Kh5 36. Rxg7 1-0

[Event "Denys Laurin mem"]
[Site "Hull CAN"]
[Date "2003.10.07"]
[Round "5"]
[White "Groleau, Gilles"]
[Black "Brousseau, Yvan"]
[Result "1/2-1/2"]
[WhiteElo "2173"]
[BlackElo "2003"]
[PlyCount "83"]
[EventDate "2003.09.09"]
[EventType "swiss"]
[EventRounds "5"]
[EventCountry "CAN"]

1. e4 g6 2. d4 Bg7 3. Nf3 d6 4. Be2 Nf6 5. Nc3 O-O 6. O-O Nc6 7. h3 e5 8. dxe5
Nxe5 9. Nxe5 dxe5 10. Qxd8 Rxd8 11. Bg5 c6 12. Rfd1 Be6 13. a4 h6 14. Be3 Rxd1+
15. Rxd1 Bf8 16. f3 Kg7 17. Kf2 Bb4 18. Nb1 a6 19. c3 Be7 20. Nd2 b5 21. b4 a5
22. axb5 axb4 23. cxb4 cxb5 24. Bxb5 Bxb4 25. Bf1 Ra2 26. Kg1 Rc2 27. Bd3 Rc3
28. Nb1 Rb3 29. Bc1 Bc5+ 30. Kh2 Bd4 31. Na3 Rb7 32. Nb5 Bb3 33. Re1 Bc5 34.
Ba3 Bxa3 35. Nxa3 Rd7 36. Bc4 Rd1 37. Rxd1 Bxd1 38. Nb5 Nd7 39. Nd6 f6 40. Ba2
Ba4 41. Kg3 Nc5 42. Bc4 1/2-1/2

[Event "Denys Laurin mem"]
[Site "Hull CAN"]
[Date "2003.10.07"]
[Round "5"]
[White "Laurin, Marcel"]
[Black "Rose, Richard"]
[Result "1-0"]
[WhiteElo "1707"]
[BlackElo "1762"]
[PlyCount "87"]
[EventDate "2003.09.09"]
[EventType "swiss"]
[EventRounds "5"]
[EventCountry "CAN"]

1. d4 Nf6 2. c4 e6 3. a3 d5 4. Nc3 b6 5. Bf4 Be7 6. Rc1 Nh5 7. Bd2 Ba6 8. e4
Nf6 9. cxd5 Bxf1 10. Kxf1 exd5 11. e5 Ne4 12. Nxe4 dxe4 13. Qg4 Qxd4 14. Qxg7
Rf8 15. Be3 Qxb2 16. g3 Bc5 17. Ne2 Nd7 18. Qxh7 Bxe3 19. fxe3 Qxe5 20. Qh6 Nf6
21. Rd1 Rg8 22. Kg2 Rd8 23. Rxd8+ Kxd8 24. Nd4 Kc8 25. Rf1 Rg6 26. Qf8+ Kb7 27.
Qb8+ Kxb8 28. Nc6+ Kb7 29. Nxe5 Nd5 30. Rxf7 Rg5 31. Nc4 Kc6 32. Kf2 Kb5 33.
Nd2 Re5 34. g4 c5 35. h4 c4 36. Rxa7 c3 37. Nb3 Kc4 38. Nc1 c2 39. Ke2 Kc3 40.
Ra4 Kb2 41. Kd2 Re8 42. Rc4 Rd8 43. Rxc2+ Kb1 44. Rc4 1-0

[Event "Denys Laurin mem"]
[Site "Hull CAN"]
[Date "2003.10.07"]
[Round "5"]
[White "Papineau, Andre"]
[Black "Pepin, Christian"]
[Result "1/2-1/2"]
[WhiteElo "1762"]
[BlackElo "2022"]
[PlyCount "76"]
[EventDate "2003.09.09"]
[EventType "swiss"]
[EventRounds "5"]
[EventCountry "CAN"]

1. d4 d5 2. c4 e6 3. Nf3 Nf6 4. Nc3 Be7 5. e3 O-O 6. Bd3 b6 7. cxd5 exd5 8. O-O
Bg4 9. e4 dxe4 10. Nxe4 Nbd7 11. h3 Bh5 12. Be3 Nd5 13. Ng3 Bg6 14. Bxg6 hxg6
15. Qb3 Nxe3 16. fxe3 c5 17. Ne2 Rc8 18. Rac1 Bg5 19. Nf4 Bxf4 20. exf4 Qf6 21.
Ne5 Qd6 22. dxc5 Qd4+ 23. Kh1 Nxc5 24. Qc3 Qa4 25. Qc4 Qxc4 26. Rxc4 b5 27. Rc2
Ne6 28. Rxc8 Rxc8 29. Rf2 Rc5 30. g3 g5 31. Nd3 Rd5 32. Nb4 Rd1+ 33. Kg2 gxf4
34. gxf4 Rd6 35. f5 Nd4 36. Nc2 Kf8 37. Nxd4 Rxd4 38. f6 a5 1/2-1/2

[Event "Denys Laurin mem"]
[Site "Hull CAN"]
[Date "2003.10.07"]
[Round "5"]
[White "Roy, Roger"]
[Black "Dallaire, Dominic"]
[Result "1/2-1/2"]
[WhiteElo "1718"]
[BlackElo "1727"]
[PlyCount "101"]
[EventDate "2003.09.09"]
[EventType "swiss"]
[EventRounds "5"]
[EventCountry "CAN"]

1. d4 Nf6 2. Nf3 g6 3. c4 Bg7 4. Nc3 O-O 5. e4 d6 6. Be2 Nbd7 7. O-O c5 8. d5
Ng4 9. h3 Nge5 10. Nxe5 Nxe5 11. f4 Nd7 12. Be3 a6 13. Qd2 Rb8 14. f5 Ne5 15.
fxg6 hxg6 16. Bh6 Bd7 17. Bxg7 Kxg7 18. Rf4 Rh8 19. Raf1 Rh7 20. Qe1 Qh8 21.
Qf2 Rf8 22. h4 g5 23. Qg3 Rxh4 24. Qxg5+ Ng6 25. Rxh4 Qxh4 26. Qxh4 Nxh4 27.
Bh5 Ng6 28. Bxg6 Kxg6 29. a4 Rh8 30. a5 Rh4 31. Rf3 f6 32. Rg3+ Rg4 33. Rxg4+
Bxg4 34. Kf2 f5 35. Ke3 Kg5 36. exf5 Kxf5 37. Ne4 Bd1 38. g3 Bb3 39. Nd2 Bd1
40. Ne4 Bc2 41. Nd2 Kg4 42. Ne4 Bb1 43. Nd2 Bg6 44. Nf1 Bf7 45. Kf2 e6 46. dxe6
Bxe6 47. Ne3+ Kg5 48. Kf3 Kf6 49. Kf4 Bf7 50. Ng4+ Ke6 51. Ne3 1/2-1/2

[Event "Deviant Leisure inv"]
[Site "Vancouver CAN"]
[Date "2003.02.21"]
[Round "1"]
[White "Chan, James"]
[Black "Kosinski, George"]
[Result "1-0"]
[WhiteElo "1991"]
[BlackElo "2011"]
[PlyCount "63"]
[EventDate "2003.02.22"]
[EventType "tourn"]
[EventRounds "5"]
[EventCountry "CAN"]

1. d4 Nf6 2. c4 e6 3. Nf3 b6 4. a3 Bb7 5. Nc3 d5 6. cxd5 exd5 7. Bg5 Be7 8. e3
Ne4 9. Bxe7 Kxe7 10. Bd3 Nd6 11. Qb3 c6 12. Rc1 Nd7 13. e4 dxe4 14. Nxe4 Re8
15. O-O Nb8 16. Nfg5 Rf8 17. Nxh7 Nxe4 18. Nxf8 c5 19. Bxe4 Bxe4 20. Rfe1 f5
21. Ne6 Qg8 22. Nxc5 Qxb3 23. Nxb3 Kd7 24. Nd2 Bb7 25. Re5 Nc6 26. Rxf5 Nxd4
27. Re5 b5 28. Rce1 Rf8 29. Re7+ Kc8 30. Re8+ Rxe8 31. Rxe8+ Kd7 32. Re5 1-0

[Event "Deviant Leisure inv"]
[Site "Vancouver CAN"]
[Date "2003.02.21"]
[Round "1"]
[White "Ruelland, Geoffrey"]
[Black "Sladek, Vaclav"]
[Result "1-0"]
[WhiteElo "1746"]
[BlackElo "2070"]
[PlyCount "75"]
[EventDate "2003.02.22"]
[EventType "tourn"]
[EventRounds "5"]
[EventCountry "CAN"]

1. e4 c5 2. Nf3 e6 3. d4 cxd4 4. Nxd4 Qb6 5. Nb3 Qc7 6. Bd3 a6 7. O-O Nf6 8. c4
d6 9. Nc3 b6 10. Qe2 Bb7 11. Be3 Nbd7 12. f4 Be7 13. Nd2 h5 14. h3 Rc8 15. Rac1
Qb8 16. b4 d5 17. exd5 exd5 18. cxd5 Kf8 19. a3 a5 20. d6 Bxd6 21. Nc4 axb4 22.
axb4 Bxb4 23. Nb5 Nd5 24. Qb2 Be7 25. Bd4 Bc5 26. Ncd6 Bxd4+ 27. Qxd4 Rc5 28.
Rce1 N7f6 29. Qe5 Bc6 30. Nd4 h4 31. Nxf7 Qxe5 32. Nxe5 Be8 33. Ne6+ Kg8 34.
Nxc5 bxc5 35. Bc4 Bf7 36. Nxf7 Kxf7 37. Re5 Rd8 38. Rd1 1-0

[Event "Deviant Leisure inv"]
[Site "Vancouver CAN"]
[Date "2003.02.21"]
[Round "1"]
[White "Seid, Hee"]
[Black "Jung, William"]
[Result "1-0"]
[WhiteElo "2075"]
[BlackElo "1788"]
[PlyCount "83"]
[EventDate "2003.02.22"]
[EventType "tourn"]
[EventRounds "5"]
[EventCountry "CAN"]

1. d4 d5 2. Nf3 Nf6 3. e3 Bg4 4. Be2 e6 5. Nbd2 Nbd7 6. h3 Bxf3 7. Bxf3 c6 8.
O-O Bd6 9. c4 O-O 10. Qb3 b6 11. e4 dxe4 12. Nxe4 Nxe4 13. Bxe4 Qc7 14. Bd2
Rac8 15. Rac1 c5 16. Qc2 f5 17. dxc5 Nxc5 18. Bf3 e5 19. Bd5+ Kh8 20. b4 Nd7
21. f3 Rce8 22. Rfd1 Nf6 23. Be1 f4 24. a3 Qe7 25. Bh4 a5 26. c5 bxc5 27. bxc5
Bc7 28. Be4 g6 29. Qa4 Rd8 30. Qc6 Kg7 31. Rb1 Rf7 32. Bd5 Qd7 33. Qb7 Rff8 34.
Bb3 Qc8 35. Qc6 Bb8 36. Qb6 Qc7 37. Rxd8 Qxd8 38. Qxd8 Rxd8 39. Be6 Re8 40.
Rb7+ Kh6 41. Bxf6 Rxe6 42. Bg7+ 1-0

[Event "Deviant Leisure inv"]
[Site "Vancouver CAN"]
[Date "2003.02.22"]
[Round "2"]
[White "Kosinski, George"]
[Black "Seid, Hee"]
[Result "1/2-1/2"]
[WhiteElo "2011"]
[BlackElo "2075"]
[PlyCount "95"]
[EventDate "2003.02.22"]
[EventType "tourn"]
[EventRounds "5"]
[EventCountry "CAN"]

1. e4 g6 2. d3 Bg7 3. g3 c5 4. Bg2 Nc6 5. Nf3 d6 6. O-O Bd7 7. a4 Qc8 8. Re1
Bg4 9. c3 h5 10. h4 Ne5 11. Bf4 Nc6 12. Na3 Nf6 13. Qc2 O-O 14. e5 Nd5 15. exd6
Nxf4 16. dxe7 Re8 17. gxf4 Nxe7 18. Nc4 Nf5 19. Nfe5 Nxh4 20. Nd6 Qc7 21. Nxe8
Rxe8 22. Nxg4 Rxe1+ 23. Rxe1 hxg4 24. Qe2 Qxf4 25. Qe3 Qf5 26. Qg3 Bf6 27. Re4
Qd7 28. Rxg4 Nf5 29. Qb8+ Kg7 30. Qxb7 Qxd3 31. Qe4 Qd1+ 32. Bf1 Nh6 33. Rg3
Qc1 34. Kg2 Qxb2 35. Bd3 Qxc3 36. Rxg6+ fxg6 37. Qxg6+ Kf8 38. Qxh6+ Ke7 39.
Qh7+ Kd6 40. Bb5 a5 41. Qd7+ Ke5 42. Qc7+ Kf5 43. Bd3+ Ke6 44. Qc6+ Ke7 45.
Qc7+ Ke6 46. Qc6+ Ke7 47. Qc7+ Ke6 48. Qc6+ 1/2-1/2